000 01083nam a22002537a 4500
005 20140228020002.0
008 120420s2010 ck ab gr 00010 spa d
015 _ack-2010-xxxx
020 _a9789588343518
041 0 _aspa
043 _as-ck---
082 0 4 _a333.72
_bC833p
245 0 0 _aPlaneación ambiental para la conservación de la biodiversidad en las áreas operativas de Ecopetrol localizadas en el Magdalena Medio y los Llanos Orientales de Colombia /
_ceditado por Germán Corzo ... [et al.].
260 _aBogotá :
_bInstituto Humboldt :
_bEcopetrol,
_c2011
300 _a240 p. :
_bil., mapas ;
_c28 cm.
504 _aIncluye referencias bibliograficas
650 4 _aConservación del medio ambiente
_z Magdalena Medio (Colombia)
_9336
650 4 _aConservación del medio ambiente
_z LLanos Orientales (Colombia)
_9337
650 4 _aDiversidad biológica
_z Magdalena Medio (Colombia)
_9338
650 4 _aDiversidad biológica
_z LLanos Orientales (Colombia)
_9339
700 1 _aCorzo, Germán,
_eed.
_9778
942 _2ddc
_cIMPRESO
_03
949 _a
999 _c7347
_d7347